Essentials of International relations (Record no. 131096)
[ view plain ]
| 000 -LEADER | |
|---|---|
| fixed length control field | 00509nam a22001457a 4500 |
| 008 - FIXED-LENGTH DATA ELEMENTS--GENERAL INFORMATION | |
| fixed length control field | 211103b ||||| |||| 00| 0 eng d |
| 020 ## - INTERNATIONAL STANDARD BOOK NUMBER | |
| International Standard Book Number | 9780393921953 |
| 050 ## - LIBRARY OF CONGRESS CALL NUMBER | |
| Classification number | JZ1305.M56 2014 |
| 100 ## - MAIN ENTRY--PERSONAL NAME | |
| Personal name | Mingst, Karen A.and Arreguin-Toff, Ivan M. |
| 9 (RLIN) | 50947 |
| 245 ## - TITLE STATEMENT | |
| Title | Essentials of International relations |
| Statement of responsibility, etc | /by Karen Mingst, A.and Ivan Arreguin-Toff, M. |
| 260 ## - PUBLICATION, DISTRIBUTION, ETC. (IMPRINT) | |
| Place of publication, distribution, etc | New York: |
| Name of publisher, distributor, etc | W. W. Norton and Company, |
| Date of publication, distribution, etc | c2014. |
| 300 ## - PHYSICAL DESCRIPTION | |
| Extent | xvii, 429p.; |
| Dimensions | 23cm. |
| 650 ## - SUBJECT ADDED ENTRY--TOPICAL TERM | |
| Topical term or geographic name as entry element | International relations |
| 942 ## - ADDED ENTRY ELEMENTS (KOHA) | |
| Source of classification or shelving scheme | Library of Congress Classification |
| Item type | Monograph ( Printed materials) |
No items available.